Atlas de anatomía humana. (Registro nro. 1077)

Detalles MARC
000 -LEADER
fixed length control field 01235nam a2200325 a 4500
005 - FECHA ULTIMA MODIFICACION
control field 20240514102222.0
008 - CAMPO DE CONTROL (LIBRO)
fixed length control field 100827s2011||||sp o f |||| 001 0 spa d
020 ## - INTERNATIONAL STANDARD BOOK NUMBER
ISBN 9788480867436
041 ## - CODIGO DE IDIOMA
Código de idioma del texto/pista de sonido o título separado spa
092 ## - SIGNATURA TOPOGRAFICA DEWEY LOCAL
número de clasificación 611.022
libristica 97
sección YOK
100 1# - ENTRADA PRINCIPAL--NOMBRE PERSONAL
Nombre personal Yokochi, Chihiro.
9 (RLIN) 1312
245 ## - TITULO PROPIAMENTE DICHO
Título Atlas de anatomía humana.
Subtítulo y Título paralelo Estudio fotográfico del cuerpo humano /
Mención de responsabilidad y remanente de la transcripción de la portada Chihiro Yokochi
250 ## - MENCION DE EDICION
Mención de edición 7a ed.
Mención de responsabilidad relacionada con la ed. Traducción y adaptación de la versión española J. Nebot Cegarra.
260 ## - PIE DE IMPRENTA
Lugar de publicación, distribución, etc Barcelona:
Nombre de la editorial, distribuidor, etc Elsevier;
Fecha de publicación 2011.
300 ## - DESCRIPCION FISICA
Extension 532 p.
Otros detalles físicos 1211 imágenes, 1117 en color y 94 radiografías, TC y RM
500 ## - NOTA GENERAL
Nota general Yokochi, C., Rohen, J. W. y Lütjen-Drecoll, E. (2011). Atlas de anatomía humana. Estudio fotográfico del cuerpo humano. (7a ed.). Barcelona : Elsevier.
590 ## - NOTAS LOCALES (RLIN)
Nota local Donación Editorial Elsevier, 10/07/2012
653 ## - TÉRMINO INDIZADO - PALABRAS CLAVES
Palabra clave Anatomía general
653 ## - TÉRMINO INDIZADO - PALABRAS CLAVES
Palabra clave Cabeza y cuello
653 ## - TÉRMINO INDIZADO - PALABRAS CLAVES
Palabra clave Tronco
653 ## - TÉRMINO INDIZADO - PALABRAS CLAVES
Palabra clave Organos torácicos
653 ## - TÉRMINO INDIZADO - PALABRAS CLAVES
Palabra clave Organos abdominales
653 ## - TÉRMINO INDIZADO - PALABRAS CLAVES
Palabra clave Organos retroperitoneales
653 ## - TÉRMINO INDIZADO - PALABRAS CLAVES
Palabra clave Miembro [extremidad] superior
653 ## - TÉRMINO INDIZADO - PALABRAS CLAVES
Palabra clave Miembro [extremidad] inferior
700 1# - ENTRADAS SECUNDARIAS - NOMBRE PERSONAL
Nombre personal Rohen, Johannes W.
9 (RLIN) 1313
700 1# - ENTRADAS SECUNDARIAS - NOMBRE PERSONAL
Nombre personal Lütjen-Drecoll, Elke.
9 (RLIN) 1773
930 ## - NUMERO DE INVENTARIO
Número de inventario 2545
942 ## - ADDED ENTRY ELEMENTS (KOHA)
Source of classification or shelving scheme Dewey Decimal Classification
Item type Libros
Existencias
Estado de retiro Existencia Fuente de clasificación Estado general No para prestamo Ubicación permanente ubicación actual Sala de ubicación Fecha de adquisición Total Checkouts Total Renewals Número de clasificación Código de barras Date last seen Date last borrowed Número de ejemplar Price effective from Koha tipo de elemento (item) Fuente de adquisición Costo, precio normal de compra Public note Colección
    Dewey Decimal Classification     Biblioteca Medicina Biblioteca Medicina Circulación 11/07/2012 237 12 611.022 87 YOK 2545 08/05/2026 28/04/2026 ej.4 11/07/2012 Libros        
    Dewey Decimal Classification     Biblioteca Medicina Biblioteca Medicina Circulación 20/11/2014 213 14 611.022 87 YOK 3379 12/11/2025 05/11/2025 Ej.5 20/11/2014 Libros COMPRA PROMED 3er AÑO, NOVIEMBRE 2014 2100.00 COMPRA PROMED 3er AÑO, NOVIEMBRE 2014  
    Dewey Decimal Classification     Biblioteca Medicina Biblioteca Medicina Referencia 20/11/2014 61 1 611.022 87 YOK 3380 29/04/2024 26/04/2024 Ej.6 20/11/2014 Reference COMPRA PROMED 3er AÑO, NOVIEMBRE 2014 2100.00 LIBRO DE CONSULTA. COMPRA PROMED 3er AÑO, NOVIEMBRE 2014 Reference

UNIVERSIDAD NACIONAL DEL COMAHUE
Biblioteca de la Facultad de Ciencias Médicas
Sede Toschi: Los Arrayanes y Av. Toschi, Cipolletti  - Rio Negro
Sede Los Tordos:  Yrigoyen al 2211, Cipolletti - Rio Negro 

Teléfono: 0299 - 4774707 int 25
Contacto: biblioteca@facimed.uncoma.edu.ar
© 2011 - 2026